00000000nam##2200000za#4500
0019.615469
003CaOODSP
00520210615101135
007ta
008150406|2000||||xxc|||||     f|0| 0 eng|d
022 |a0706-6457
040 |aCaOODSP|beng
043 |an-cn---
0861 |aFs97-6/2332E
1101 |aCanada. |bDepartment of Fisheries and Oceans.
24510|aCH2, Canadian hydroacoustic data analysis tool 2 : |buser's manual (version 2.0) / |cby Y. Simard et al.
260 |aOttawa - Ontario : |bFisheries and Oceans Canada |c2000.
300 |avii, 124p. In various pagings. : |bcoloured illus., figs., references, tables ; |c28 cm.
4901 |aCanadian technical report of fisheries and aquatic sciences|x0706-6457|v2332
500 |a"CH2 is the acronym for Canadian Hydroacoustic data analysis tool 2... CH2 version 2.0 includes several editing tools, to edit, eliminate, ignore, threshold, filter, or correct the raw HAC data, without erasing any original information. It also incorporates multi-channel classification tools, to partition the acoustic data into echo categories according to user decisions, and multi-channel echointegration capabilities for each echo category."--Abstract.
5203 |aCH2 is the acronym for Canadian Hydroacoustic data analysis tool 2... CH2 version 2.0 includes several editing tools, to edit, eliminate, ignore, threshold, filter, or correct the raw HAC data, without erasing any original information. It also incorporates multi-channel classification tools, to partition the acoustic data into echo categories according to user decisions, and multi-channel echointegration capabilities for each echo category.--Abstract
546 |aRésumé en français
563 |aSoftcover
590 |a01-04|b2001-01-26
69007|aFisheries technology|2gcpds
69007|aFish|2gcpds
69007|aData processing|2gcpds
7201 |aSimard, Y.
7760#|tCH2, Canadian Hydroacoustic Data Analysis Tool 2, user's manual, (version 2.0) / |w(CaOODSP)9.574032
830#0|aCanadian technical report of fisheries and aquatic sciences,|x0706-6457|v2332|w(CaOODSP)9.514691